| 000 -ლიდერი |
| ფიქსირებული სიგრძის საკონტროლო ველი |
02165nam a22002417a 4500 |
| 003 - საკონტროლო ნომრის იდენტიფიკატორი |
| საკონტროლო ველი |
Ge_BSU |
| 005 - ბოლო ოპერაციის თარიღი და დრო |
| საკონტროლო ველი |
20260414113718.0 |
| 008 - ფიქსირებული სიგრძის მონაცემთა ელემენტები - ზოგადი ინფორმაცია |
| ფიქსირებული სიგრძის საკონტროლო ველი |
260414s2022 ge ||||| |||| 00| 0 geo d |
| 020 ## - წიგნის საერთაშორისო სტანდარტული ნომერი |
| International Standard Book Number |
9789941834059 |
| 041 ## - ენის კოდი |
| Language code of text/sound track or separate title |
geo |
| 080 ## - უნივერსალური ათობითი კლასიფიკაციის ინდექსი |
| Universal Decimal Classification number |
005.21(075.8) ლ-65 |
| 100 ## - მთავარი ჩანაწერი - პიროვნების სახელი |
| Personal name |
ლიპარტია, ზურაბ |
| 9 (RLIN) |
27305 |
| 245 ## - ცნობა სათაურის შესახებ |
| Title |
სტრატეგიული მენეჯმენტი : |
| Remainder of title |
[სახელმძღვანელო] / |
| Statement of responsibility, etc |
ზურაბ ლიპარტია; სამეცნიერო რედაქტორები: დავით ჯალაღონია, ირმა დიხამინჯია, ევგენი ბარათაშვილი; სოხუმის სახელმწ. უნივერსიტეტი, ბიზნესისა და სოციალურ მეცნიერებათა ფაკულტეტი. |
| 264 ## - წარმოების, გამოცემის, დისტრიბუციის და სხვა ცნობები |
| გამოცემის, წარმოების, დისტრიბუციის... ადგილი |
თბილისი : |
| გამოცემის, წარმოების, დისტრიბუციის... სახელწოდება |
სოხუმი, |
| გამოცემის, წარმოების, დისტრიბუციის... თარიღი |
2022. |
| 300 ## - ფიზიკური აღწერა |
| Extent |
504 გვ. : |
| Other physical details |
ნახ. ; |
| Dimensions |
29 სმ. |
| 500 ## - ზოგადი შენიშვნა |
| General note |
ეძღვნება: დასავლეთ საქართველოში პირველი პედაგოგიური ინსტიტუტი და პირველი კლასიკური უნივერსიტეტი - სოხუმის სახელმწიფო უნივერსიტეტი 90 წლისაა. |
| 653 ## - INDEX TERM--UNCONTROLLED |
| Uncontrolled term |
სტრატეგიული მენეჯმენტი |
| 700 ## - ADDED ENTRY--PERSONAL NAME |
| Personal name |
ჯალაღონია, დავით |
| Relator term |
სამეცნიერო რედაქტორი |
| 9 (RLIN) |
14560 |
| 700 ## - ADDED ENTRY--PERSONAL NAME |
| Personal name |
დიხამინჯია, ირმა |
| Relator term |
სამეცნიერო რედაქტორი |
| 9 (RLIN) |
27309 |
| 700 ## - ADDED ENTRY--PERSONAL NAME |
| Personal name |
ბარათაშვილი, ევგენი |
| Relator term |
სამეცნიერო რედაქტორი |
| 9 (RLIN) |
734 |
| 710 ## - ADDED ENTRY--CORPORATE NAME |
| Corporate name or jurisdiction name as entry element |
სოხუმის სახელმწ. უნივერსიტეტი |
| Subordinate unit |
ბიზნესისა და სოციალურ მეცნიერებათა ფაკულტეტი |
| 9 (RLIN) |
27308 |
| 942 ## - ADDED ENTRY ELEMENTS (KOHA) |
| Source of classification or shelving scheme |
|
| Koha item type |
წიგნი |